[Event "Morbihan-ch 0203"]
[Site "Morbihan"]
[Date "2002.10.13"]
[Round "1"]
[White "Pascot, Jean"]
[Black "Guyader, Raoul"]
[Result "1-0"]
[WhiteElo "1820"]
[BlackElo "1499"]
[PlyCount "33"]
[EventDate "2002.10.19"]
[EventType "swiss"]
[EventRounds "7"]
[EventCountry "FRA"]
[SourceTitle "EXT 2008"]
[Source "ChessBase"]
[SourceDate "2007.11.25"]
[SourceVersion "1"]
[SourceVersionDate "2007.11.25"]
[SourceQuality "1"]

1. e4 e5 2. f4 Nc6 3. Bc4 Nf6 4. Nc3 Bc5 5. Nf3 0-0 6. fxe5 Ng4 7. d4 Ne3 8. Bxe3 Be7 9. Nd5 d6 10. Nxe7+ Nxe7 11. Ng5 g6 12. 0-0 Re8 13. Qf3 Rf8 14. Nxf7 Qd7 15. Qf6 Rxf7 16. Bxf7+ Kf8 17. Bh6# 1-0